00960 a2200217 4500003000500000005001700005020002600022040000900048082001500057100002100072245006500093260003500158300004400193505029600237650002400533650002500557650002100582942001200603999001900615952010800634Nust20170207154015.0 a1-878707-50-7 (pbk) ; cNust a621.3815311 aVarteresian, Jon00aFabricating printed circuit boards-(E-BOOK)cJon Varteresian aNew York :bNewnes,ccop. 2002 axiv, 236 p. :bill. +e1 CD-ROM ;c24cm a1 Schematic Capture 1-2 Basic Circuit Board Placement and Routing Considerations 11-3 Placement and Routing Considerations for Various Circuit Designs 35-4 Real World Guidelines for Commercial Fabrication Houses 57-5 Making Printed Circuit Boards 69-6 Project Plans 89-7 Resource List. 97 7aElectronic circuits 7aElektroniska kretsar 7aPrinted circuits 2ddccBK c191374d191374 00102ddc40708NFICaMCSbMCSd2016-12-12l0o621.381531 VARpMCSEB-729r2016-12-08w2016-12-12yBK